000 01325nmm a2200337 a 4500
003 AR-X00000XY
005 20251128211918.0
008 217020s2006 ||||||||||||||000 | spa||
020 _a987-1242-06-9
040 _cAR-X00000XY
245 1 0 _aSujetos, proyectos y conflictos en la constitución del sistema educativo de Santa Cruz
260 _aRío Gallegos
_bUniversidad Nacional de la Patagonia Austral
_c2006
300 0 _av.
500 0 _aLa biblioteca posee el vol. 1
500 0 _aIncluye algunos de los resultados finales de los proyectos de investigación ejecutados en el marco del Programa 'Constitución y desarrollo del área de historia de la educación en la Patagonia Austral' en la Universidad Nacional de la Patagonia Austral en el período 2002-2005
505 _tHistoria de la educación en la Patagonia Austral
650 4 _aHISTORIA DE LA EDUCACION
650 4 _aESTADO Y EDUCACION
650 4 _aPOLITICA EDUCATIVA
650 4 _aIGLESIA Y EDUCACION
650 4 _aEDUCACION DE ADULTOS
650 4 _aHISTORIA ARGENTINA
650 4 _aHISTORIA SANTACRUCENA
651 4 _aSanta Cruz
653 0 _aEDUCACION SECUNDARIA
653 0 _aEDUCACION SUPERIOR
700 1 _aOssanna, Edgardo
_edirector
700 1 _aSarasa, Ariel Nicolás
_ecoordinador
942 _cBK
998 _cNancy
999 _c21597
_d21597